| 000 | 00000nam 2200000za 4500 |
| 001 | 9.816768 |
| 003 | CaOODSP |
| 005 | 20221107142324 |
| 007 | cr ||||||||||| |
| 008 | 160503s2002 oncao |o f000 0 eng d |
| 040 | |aCaOODSP|beng |
| 043 | |an-cn--- |
| 086 | 1 |aNF4-4/2002E-PDF |
| 110 | 2 |aNational Film Board of Canada. |
| 245 | 10|aStrategic plan 2002-2006 |h[electronic resource] / |cNational Film Board of Canada. |
| 260 | |a[Ottawa] : |bNational Film Board of Canada,|c2002. |
| 300 | |a20 p. : |bill. |
| 500 | |a"Accessible -- Bold -- Creative -- Distinctive -- Essential." |
| 500 | |a"January 2002." |
| 500 | |aIssued also in French under title: Plan stratégique 2002-2006. |
| 692 | 07|2gccst|aFilm industry |
| 692 | 07|2gccst|aPlanning |
| 775 | 08|tPlan stratégique 2002-2006 |w(CaOODSP)9.816775 |
| 794 | |tNFB strategic plan, 2008-2009 to 2012-2013 |w(CaOODSP)9.816790 |
| 856 | 40|qPDF|s142 KB|uhttps://publications.gc.ca/collections/collection_2016/onf-nfb/NF4-4-2002-eng.pdf |